000 00320nam a22001217a 4500
008 260530b |||||||| |||| 00| 0 eng d
082 _a001913
100 _aBayari, Venkatesh P
245 _aGita Bhashyam of Sri Madhvacharya
260 _aBangalore
_bPoorna Prajna Samshodhan Trust
_c2012
300 _a358p
942 _2ddc
999 _c1491
_d1491